| 000 | 01123nam a2200241 i 4500 | ||
|---|---|---|---|
| 003 | IT-RoINE | ||
| 005 | 20191009055600.0 | ||
| 008 | 990408s1997 sp | r ||| ||spa d | ||
| 020 | _a8488109547 | ||
| 040 |
_aSpMaBN _cSpMaBN IT-RoINE _dIT-RoINE |
||
| 245 | 0 | 0 |
_aProbanza de los sucesos milagrosos que Nuestro Señor ha obrado con los devotos de Nuestra Señora de la Fuencisla : _b(la vida cotidiana en Segovia según un manuscrito de 1616) / _cestudio introductorio, Mª Remedios Prieto de la Iglesia, Ana Belén Sánchez Prieto ; transcripción y edición crítica, Ana Belén Sánchez Prieto. |
| 260 |
_aSegovia : _bCervantes, _c1997. |
||
| 300 |
_aLIV, 442 p. ; _c25 cm. |
||
| 336 |
_2rdacontent _atext |
||
| 337 |
_2rdamedia _aunmediated |
||
| 338 |
_2rdacarrier _avolume |
||
| 600 | 0 | 4 |
_a María, _cSanta Virgen _xApariciones y milagros _zEspaña _zSegovia _963234 |
| 650 | 4 |
_aVirgen de la Fuencisla _963235 |
|
| 651 | 4 |
_936004 _aSegovia (España) _xHistoria eclesiástica _xFuentes |
|
| 700 | 1 |
_aPrieto de la Iglesia, María Remedios _936058 |
|
| 700 | 1 |
_aSánchez Prieto, Ana Belén, _913365 _d1968- |
|
| 942 | _cMTS | ||
| 999 |
_c32247 _d32247 |
||